Merseyside (Record no. 77781)

MARC details
000 -LEADER
fixed length control field 01049cab a2200229 4500
001 - CONTROL NUMBER
control field ##L135098
008 - FIXED-LENGTH DATA ELEMENTS--GENERAL INFORMATION
fixed length control field 060925n2006 000 0 eng u
035 ## - SYSTEM CONTROL NUMBER
System control number (Sirsi) u135098
041 0# - LANGUAGE CODE
Language code of text/sound track or separate title eng
100 1# - MAIN ENTRY--PERSONAL NAME
Personal name Unger, Paul
245 00 - TITLE STATEMENT
Title Merseyside
Remainder of title regional
260 ## - PUBLICATION, DISTRIBUTION, ETC.
Date of publication, distribution, etc. 2006
490 #0 - SERIES STATEMENT
Series statement Property Week
Volume/sequential designation 71(38) 22 September 2006, 97-121(12)
520 ## - SUMMARY, ETC.
Summary, etc. Examines various aspects of the commercial property market in the Merseyside area, including Peel Developments' plans for Wirral Waters; the possible downturn in take-up of office space in Liverpool; Merepark and Ballymore's Central Village retail and leisure development in Liverpool; Neptune Development's proposals for the regeneration of New Brighton; the market for industrial sheds in Liverpool and a planned leisure development to create Liverpool Sports Park.
590 ## - LOCAL NOTE (RLIN)
Local note IKA031006
651 #4 - SUBJECT ADDED ENTRY--GEOGRAPHIC NAME
Geographic name MERSEYSIDE
651 #4 - SUBJECT ADDED ENTRY--GEOGRAPHIC NAME
Geographic name LIVERPOOL
651 #4 - SUBJECT ADDED ENTRY--GEOGRAPHIC NAME
Geographic name WIRRAL
690 ## - LOCAL SUBJECT ADDED ENTRY--TOPICAL TERM (OCLC, RLIN)
Topical term or geographic name as entry element PROPERTY-COMMERCIAL PROPERTY-COMMERCIAL PROPERTY MARKET
700 1# - ADDED ENTRY--PERSONAL NAME
Personal name Greig-Smith, Heather
942 ## - ADDED ENTRY ELEMENTS (KOHA)
Suppress in OPAC 0
Holdings
Withdrawn status Lost status Source of classification or shelving scheme Damaged status Not for loan Home library Current library Shelving location Date acquired Total Checkouts Full call number Barcode Date last seen Copy number Price effective from Koha item type
    Dewey Decimal Classification     London London Journal article 25/09/2006   L135098 135098-1001 06/08/2019 1 06/08/2019 Journal article